02908nam a2200505Ia 45000010005000000080041000050100009000460410014000550820018000692450098000872600021001853000007002065200007002136300029002206500039002496900016002887000023003047000036003279010045003639020006004089030031004149040018004459050039004639060006005029070014005089080014005229090080005369100015006169110010006319120014006419130009006559140026006649150019006909160009007099170009007189180014007279190011007415201591007529210007023439220007023509230006023579240014023639420010023779990015023871239241029s9999 xx 000 0 und d a1146 aEspañol aMAED 2000-47. 0aDesempeño de los directores de Educación Básica del Distrito Educativo 16-04, de Bonao. aMonseñor Nouel a94 a36 aAdministración Escolar aAdministración de la Educación aSintetizado easesoraNo, Aplica eautoraValdéz, María Ramona a{"1":"Valdéz"}b{"1":"María Ramona"} a1 a{"1":"No"}b{"1":"Aplica"} aMaestría en aAdministración de la Educación a2 aNO APLICA aNO APLICA aPontificia Universidad Católica Madre y Maestra (PUCMM), Recinto Santiago aNULLbNULL a["1"] aNO APLICA aNULL a01 de Febrero de 2000 a28/11/19 05:11 aNULL aNULL aNO APLICA a["11"] aLa investigación es descriptiva. El instrumento utilizado fue un cuestionario de cuarenta y cuatro (44) items, se aplicó a una muestra de doscientos ocho (208) profesores seleccionados de manera aleatoria. Se usó una guía de entrevista para los miembros de las Asociaciones de Padres, Madres y Amigos de la Escuela; la muestra fue de setenta y un (71) presidentes de las Asociaciones. El Distrito Educativo 16-04 que está integrado por setenta y nueve (79) Escuelas de Educación Básica, siete (7) de Educación Media, treinta y ocho (38) de Educación Inicial y doce (12) de Educación de Adultos. Posee una población estudiantil de veintiocho mil trescientos sesenta (28,360) alumnos con seiscientos trece (613) maestros(as), veintitrés (23) colegios privados, sesenta y un (71) Asociaciones de Padres, Madres y Amigos de la Escuela.Los hallazgos principales relacionados con los docentes son: 72.1% pertenecen al sexo femenino, 57.7% trabaja en la zona rural, 48.1% oscila entre los 21 y 48 años de edad, el 44.7% posee certificados de estudios superiores, 28.4% tiene menos de cinco (5) años en el cargo, 4.06% tiene la percepción de que casi siempre el director cumple con el desempeño de sus funciones, el 4.82% de los docentes tiene una actitud favorable hacia la supervisión del director. En cuanto a los padres, los hallazgos principales son: el 67.25 pertenece al sexo femenino, el 59% vive en la zona rural, el 50.7% oscila entre 31 y 40 años, el 3.66% tiene la percepción de que son integrados por los directores en la gestión del Centro. a11 a11 a0 aNO APLICA cTesis c1146d1146